Teaching the 1987 constitution : part IV : values, principles and policies (Record no. 7148)

MARC details
000 -LEADER
fixed length control field 00617nam a22001937a 4500
003 - CONTROL NUMBER IDENTIFIER
control field OSt
005 - DATE AND TIME OF LATEST TRANSACTION
control field 20251216091135.0
008 - FIXED-LENGTH DATA ELEMENTS--GENERAL INFORMATION
fixed length control field 251216b |||||||| |||| 00| 0 eng d
020 ## - INTERNATIONAL STANDARD BOOK NUMBER
International Standard Book Number 971-11-1089-X.
040 ## - CATALOGING SOURCE
Original cataloging agency DWCL-Main lib
Transcribing agency OC
082 ## - DEWEY DECIMAL CLASSIFICATION NUMBER
Classification number Fil. 342.41 S623t 2000
100 ## - MAIN ENTRY--PERSONAL NAME
Personal name Sison, Carmelo V.
245 ## - TITLE STATEMENT
Title Teaching the 1987 constitution : part IV : values, principles and policies
Statement of responsibility, etc. Sison, Carmelo V.
260 ## - PUBLICATION, DISTRIBUTION, ETC.
Place of publication, distribution, etc. Quezon City :
Name of publisher, distributor, etc. JMC Press, Inc.,
Date of publication, distribution, etc. c2000.
300 ## - PHYSICAL DESCRIPTION
Extent v, 34 pages ;
Dimensions 22 cm.
650 ## - SUBJECT ADDED ENTRY--TOPICAL TERM
Source of heading or term 1. Phils-Constitutional law.
650 ## - SUBJECT ADDED ENTRY--TOPICAL TERM
Source of heading or term 2. Phils-Constitutions.
942 ## - ADDED ENTRY ELEMENTS (KOHA)
Source of classification or shelving scheme Dewey Decimal Classification
Koha item type Book-Filipiniana
Call number prefix Fil.
Suppress in OPAC No
952 ## - LOCATION AND ITEM INFORMATION (KOHA)
--
Holdings
Withdrawn status Lost status Source of classification or shelving scheme Damaged status Not for loan Home library Current library Shelving location Date acquired Source of acquisition Cost, normal purchase price Total Checkouts Full call number Barcode Date last seen Copy number Price effective from Koha item type Uniform Resource Identifier
    Dewey Decimal Classification     College Library College Library Filipiniana 12/18/2007 School Fund 30.00   Fil. 342.41 S623t 2000 45517 12/16/2025 c1 12/16/2025 BK - FIL